00791nam a22002177b 4500003000500000005001700005008004100022020002600063040002400089041001400113082001200127100004500139245005300184260005100237300003300288655003000321655003600351942005800387999001900445952010900464322820251113141940.0251113b sa ||||| |||| 00| 1 AFR d a0799302694 (hardback) aMPLbengc2000erda aAfrikaans 0aAF VAND 9197776aVan der Westhuizen, Izakeauthor aWaar die aalwyne blom /cIzak van der Westhuizen aPretoria :bJ.P. van der Walt en Seun ,c1977. a149 pages :bjacket ;c21 cm 09189056aAfrikaans Fiction 09188670aHuman Relations Fiction 2ddccBKw296xPhillipina Naudey296zPhillipina Naude c789164d789163 00102ddc40708FaKLIPLbKLIPLcFICd2025-11-13l0oAF VANDp55577r2025-11-13w2025-11-13yBKzD66849